Zondervan NIV Bible verse finder : concordance (Record no. 3320)
[ view plain ]
| 000 -LEADER | |
|---|---|
| fixed length control field | 00501nam a22001817a 4500 |
| 003 - CONTROL NUMBER IDENTIFIER | |
| control field | OSt |
| 005 - DATE AND TIME OF LATEST TRANSACTION | |
| control field | 20181108155641.0 |
| 008 - FIXED-LENGTH DATA ELEMENTS--GENERAL INFORMATION | |
| fixed length control field | 181108b ||||| |||| 00| 0 eng d |
| 020 ## - INTERNATIONAL STANDARD BOOK NUMBER | |
| International Standard Book Number | 9780310292050 |
| 040 ## - CATALOGING SOURCE | |
| Original cataloging agency | DLC |
| Language of cataloging | DLC |
| Transcribing agency | DLC |
| Modifying agency | DLC |
| 082 ## - DEWEY DECIMAL CLASSIFICATION NUMBER | |
| Classification number | 220 |
| Item number | K792z |
| 245 ## - TITLE STATEMENT | |
| Title | Zondervan NIV Bible verse finder : concordance |
| 260 ## - PUBLICATION, DISTRIBUTION, ETC. | |
| Place of publication, distribution, etc. | Michigan |
| Name of publisher, distributor, etc. | Zondervan |
| Date of publication, distribution, etc. | c2008 |
| 300 ## - PHYSICAL DESCRIPTION | |
| Extent | 593p.; |
| Dimensions | 21cm; |
| 650 ## - SUBJECT ADDED ENTRY--TOPICAL TERM | |
| Source of heading or term | Bible Concordance |
| 700 ## - ADDED ENTRY--PERSONAL NAME | |
| Personal name | Zondervan NIV Bible verse finder : concordance |
| 942 ## - ADDED ENTRY ELEMENTS (KOHA) | |
| Source of classification or shelving scheme | Dewey Decimal Classification |
| Koha item type | Reference |
| Withdrawn status | Lost status | Source of classification or shelving scheme | Damaged status | Not for loan | Collection code | Home library | Current library | Shelving location | Date acquired | Cost, normal purchase price | Total Checkouts | Full call number | Barcode | Date last seen | Price effective from | Koha item type |
|---|---|---|---|---|---|---|---|---|---|---|---|---|---|---|---|---|
| Dewey Decimal Classification | Not For Loan | Reference | Harvest Mission College | Harvest Mission College | Reference | 08.11.2018 | 1200.00 | REF 220 K792z | 003874 | 08.11.2018 | 08.11.2018 | Reference |
